O Alfabeto dos Bichos (Registo nº 4689)

Detalhes MARC
000 -Etiqueta do registo
Cabeçalho 00851nam 22002293 4500
010 ## - Número internacional normalizado dos livros (ISBN)
Número (ISBN) 9789895551361
100 ## - Dados gerais de processamento
Dados gerais de processamento 20260211d20052022u||y0pory50 ba
101 ## - Língua de publicação
Língua do texto, banda sonora, etc. Português
102 ## - Pais de publicação ou produção
País de publicação Portugal
200 1# - Titulo e menção de responsabilidade
Título próprio O Alfabeto dos Bichos
Primeira menção de responsabilidade José Jorge Letria
Outras menções de responsabilidade il. André Letria
205 ## - Menção da edição
Menção da edição 12.ª
210 ## - Publicação, Distribuição, etc. 
Lugar da edição, distribuição, etc. Alfragide
Nome do editor, distribuidor, etc. Oficina do Livro
Data da publicação, distribuição, etc. 2022
215 ## - Descrição física 
Indicação específica da natureza do documento e extensão da espécie [52] p.
Outras indicações físicas il.
330 ## - Sumário ou Resumo
Texto da nota Através de rimas divertidas, José Jorge Letria dá-nos a conhecer muitos animais, provenientes dos mais diversos meios. As ilustrações de André Letria contribuem para fazer deste livro um objeto de descoberta para além do texto. Um livro que convida a criança a entrar no mundo animal de forma didática.
675 ## - Classificação Decimal Universal (CDU)
Notação 821.134.3
Edição 3ª ed.
Língua da edição por
700 #1 - Nome de autor-pessoa física (responsabilidade principal)
Palavra de ordem Letria
Outra parte do nome não tomada para palavra de ordem José Jorge
942 ## - Elementos de entrada adicionados (Koha)
Tipo de item no Koha Livro
990 ## - Elementos KOHA
Koha item type Livro
Suppress in OPAC Escondido
994 ## - Estado da catalogação
Situação PARA CORRIGIR
Exemplares
Situação do levantamento Origin of item (home branch) (coded) Biblioteca de empréstimo Lending or holding organisation (holding branch) code Cota Circulation type (not for loan) Tipo de documento Damaged status
  Biblioteca Escolar da Coca Maravilhas Biblioteca Escolar da Coca Maravilhas Biblioteca Escolar da Coca Maravilhas 8P LET   Livro